Real Madrid Players 500 or More Appearances - Sudden Death - Statistics

General Stats
  • This quiz has been taken 146 times
  • The average score is 4 of 15
Answers on the Grid
Answers color-coded by a green-red scale on the quiz's grid according to % correct below.
Alfredo di Stéfano
Casemiro
Chendo
Daniel Carvajal
Emilio Butragueño
Fernando Hierro
Guti
Iker Casillas
Isco
Iván Helguera
José Antonio Camacho
Juanito
Karim Benzema
Lucas Vázquez
Luka Modric
Manolo Sanchís
Marcelo
Míchel
Míchel Salgado
Nacho Fernández
Paco Buyo
Paco Gento
Pirri
Raphaël Varane
Raul
Roberto Carlos
Santillana
Sergio Ramos
Toni Kroos
Vicente del Bosque
 
Answer Stats
Answer % Correct
Iker Casillas
75%
Fernando Hierro
52%
Sergio Ramos
49%
Luka Modric
44%
Raul
43%
Karim Benzema
35%
Guti
32%
Marcelo
24%
Paco Gento
16%
Santillana
14%
Roberto Carlos
11%
José Antonio Camacho
10%
Manolo Sanchís
8%
Pirri
8%
Míchel
2%
No matching quizzes found
Score Distribution
Percent of People with Each Score
Percentile by Number Answered
Your Score History
You have not taken this quiz